00142 a2200073 450000100060000010000130000624500270001926000220004610132 aGorky, M aArticles and pamphlets abForeign Lang.c